|
|
|
|
| LEADER |
00000naa a2200000 i 4500 |
| 001 |
publ537 |
| 005 |
20151110114206.0 |
| 008 |
151110s2005 hu o 000 zxx d |
| 040 |
|
|
|a BGE Publikációtár Repozitórium
|b hun
|
| 100 |
1 |
|
|a Sági Judit
|
| 245 |
1 |
0 |
|a Árfolyam-konvergencia, ERM-II. tagság
|c Sági Judit
|h [elektronikus dokumentum]
|
| 260 |
|
|
|a Budapesti Gazdasági Főiskola
|b Budapest
|c 2005
|
| 300 |
|
|
|a 144-148
|
| 490 |
0 |
|
|a Tudományos Évkönyv 2004: Tudástranszfer és információs társadalom
|
| 650 |
|
4 |
|a gazdálkodás- és szervezéstudományok
|
| 695 |
|
|
|a Árfolyam-konvergenica
|
| 695 |
|
|
|a ERM-II
|
| 856 |
4 |
0 |
|u https://publikaciotar.uni-bge.hu/id/eprint/537/1/S%C3%A1gi%20Judit%20-%20%C3%81rfolyam-konvergencia%2C%20ERM-II.%20tags%C3%A1g.pdf
|z Dokumentum-elérés
|